000 00709nam a2200229Ia 4500
001 9526
003 GE_BSU
008 181216s||||||||xx |||||||||||||| ||und||
040 _cGE_BSU
080 _a821.353.1–1
100 _aმებურიშვილი,ტაგუ
245 _aმე ვფიქრობ შენზე
245 _bლექსები
245 _cრედ.ი.ორჯონიკიძე.მხატვ:ო.მესხი
260 _aთბილისი
260 _bნაკადული
260 _c1971
300 _a55გვ.16სმ.
653 _aლექსები
653 _aმე ვფიქრობ შენზე
942 _cBK
999 _c42820
_d42820